Integrált kórházi információs rendszerek

Elmentve itt :
Bibliográfiai részletek
Szerző: Ungvári Zoltán
További közreműködők: Kovács Katalin (Témavezető)
Dokumentumtípus: Szakdolgozat
Megjelent: 1997
Tárgyszavak:
Online Access:http://diploma.bibl.u-szeged.hu/36251
LEADER 00551nta a2200157 i 4500
001 dipl36251
005 20130314095800.0
008 120206s1997 hu om 0|| zxx d
040 |a SZTE Diploma Repozitórium  |b hun 
041 |a zxx 
100 1 |a Ungvári Zoltán 
245 1 0 |a Integrált kórházi információs rendszerek  |h [elektronikus dokumentum] /  |c dr. Zoltán Ungvári 
260 |c 1997 
650 4 |a Gazdaságtudományok 
700 1 |a Kovács Katalin  |e ths 
856 4 0 |u http://diploma.bibl.u-szeged.hu/id/eprint/36251/1/1997_ungvari_zoltan.pdf  |z Dokumentum-elérés